000 00789na a2200241 4500
001 13775
003 MIRAKIL
005 20181213154819.0
008 160918b tu 000 0
020 _a9751904676
035 _a13775
040 _aMilas
_btur
_cTR-AnCHP
082 _a306.85
_bA54 1991
090 _a306.85 A54 1991
245 _aAile politikaları
_bkarşılaştırmalı ülkeler panoraması
_cBaşbakanlık Aile Araştırma Kurumu Başkanlığı
260 _aAnkara
_bAile Araştırma Kurumu Başkanlığı Yayınları
_c1991
300 _aix, 354 s.
_btbl. ; grf.
_c28 sm.
490 _aBilim serisi
490 _aAile Araştırma Kurumu Başkanlığı Yayınları
_v70
650 _aAile politikası
650 _aAile
_zSosyal araştırmalar
942 _2ddc
_cBKS
999 _c1310
_d1310